000 00999nam0a22002531 4500
001 rc\4472329
005 20130416165220.2
021 _aRU
_b[58-23006]
035 _a(NLR Aleph) 008597307
090 _a8681625
_c8681625
100 _a20130416d1958 |||y0rusy50 ca
101 0 _arus
102 _aRU
105 _aa z |||||
200 1 _aНекоторые приближенные методы расчета переходных процессов
_fВсесоюз. заоч. политехн. ин-т. Кафедра радиоприемных и радиопередающих устройств
210 _aМосква
_cБ. и.
_d1958
215 _a47 с.
_cил.
_d22
606 _aПереходные процессы в радиотехнике
_xРасчет
_jПособия заочные
_2psbo
700 1 _aКризе
_bС. Н.
_gСергей Николаевич
801 0 _aRU
_bNLR
_gpsbo
801 1 _aRU
_bELAR
_2rusmarc
852 _aNLR
_j58-6/3430
942 _cBOOK
980 _aNB